|
|
|
|
| LEADER |
02173nam a2200361 i 4500 |
| 001 |
nkc20213310018 |
| 003 |
CZ PrNK |
| 005 |
20220624083610.0 |
| 007 |
ta |
| 008 |
210413s2021 xr a g 000 p cze |
| 015 |
|
|
|a cnb003310018
|
| 020 |
|
|
|a 978-80-7645-169-8
|q (brožováno)
|
| 035 |
|
|
|a (OCoLC)1263268913
|
| 040 |
|
|
|a ABG001
|b cze
|d OLA001
|d ABA001
|e rda
|
| 072 |
|
7 |
|a 821.162.3-1
|x Česká poezie
|2 Konspekt
|9 25
|
| 080 |
|
|
|a 821.162.3-1
|2 MRF
|
| 080 |
|
|
|a (0:82-1)
|2 MRF
|
| 100 |
1 |
|
|a Maršálek, Michal,
|d 1949-2023
|7 mzk2007401174
|4 aut
|
| 245 |
1 |
0 |
|a Na druhý břeh :
|b (2019-2020) /
|c Michal Maršálek ; Jindra Viková - kresby
|
| 264 |
|
1 |
|a V Praze ;
|a Podlesí :
|b Dauphin,
|c 2021
|
| 300 |
|
|
|a 62 stran :
|b ilustrace ;
|c 19 cm
|
| 336 |
|
|
|a text
|b txt
|2 rdacontent
|
| 337 |
|
|
|a bez média
|b n
|2 rdamedia
|
| 338 |
|
|
|a svazek
|b nc
|2 rdacarrier
|
| 520 |
2 |
|
|a Dvanáctá kniha poezie českého psychiatra, esejisty a nepřehlédnutelného básníka Michala Maršálka, doplněná výrazným ilustračním doprovodem Jindry Vikové.
|b Finalista literární soutěže Magnesia litera rozehrává ve své dosud poslední sbírce motiv druhého břehu, onoho místa, kam člověk dospěje (ať se mu chce či nechce) na konci svého putování. Střídmým, nicméně vyhraněným básnickým jazykem se autor dívá "očima zkušenosti" skrz vlny času, prochází životem a cítí, že pominula doba vítězství a výher. Vnímá, že každý dotyk může být tím posledním a uvědomuje si, že vše podstatné se ztrácí a mizí v temnotách. Kniha je osobitým básnickým deníkem z posledních dvou let, v němž meditativní verše vedle impulzivního vnitřního neklidu a snahy o dosažení rovnováhy "mezi dokončováním nehybnosti a záškuby ze sna" obsahují i stopy a ozvěny horoucího mužného citu.
|
| 655 |
|
7 |
|a česká poezie
|7 fd133958
|2 czenas
|
| 655 |
|
9 |
|a Czech poetry
|2 eczenas
|
| 700 |
1 |
|
|a Viková, Jindra,
|d 1946-
|7 jn20000402540
|4 ill
|
| 910 |
2 |
|
|a BOA001
|b 1-1491.032
|
| 920 |
|
|
|a 4589657
|z ABG001
|
| 990 |
|
|
|a BK
|
| 995 |
|
|
|a 01
|
| 996 |
6 |
|
|b 2610908145
|c 1-1491.032
|l MZK
|r Sklad / do 1 hodiny
|n 0
|p p.v.
|w 001892712
|u 000010
|a 1
|e BOA001
|j MZK50
|s P
|